000 00642nam a2200229 i 4500
001 C2-0235793
003 PPAK
005 20180727195803.0
008 010918s1975 tu a|||| ||||| | eng d
040 _aPPAK
_beng
_cPPAK
_erda
082 0 4 _a725
_223
090 0 0 _a725
_bTUR
_dKSF
245 0 0 _aTurk mimarisinin gelisimi ve mimar sinan
264 1 _aTurkey :
_bTurkiye Bankasi Kultur Yayinlari ,
_c1975
300 _a397 pages :
_bcolour illustrations ;
_c30 cm
336 _2rdacontent
_atext
337 _2rdamedia
_aunmediated
338 _2rdacarrier
_avolume
650 1 0 _aArchitectural design
700 _eauthor
942 _ddc
_cB
999 _c51738
_d51738